00647nam a2200157 i 4500001000700000003000900007005001700016007000300033008004100036245011700077260012100194300002100315490006400336830006400400852002500464124819ES-MaACL20230906192514.0t|070420s1930 sp ||||1| spa d00aAsamblea del Instituto y Cajas colaboradoras del Regimen Legal de Previsiónb: (Sevilla, 5-8 de Mayo de 1930). aMadrid : b[s.n.], c1930 (fImprenta y Encuadernación de los Sobrinos de la Sucesora de M. Minuesa de los Ríos) a45 p. ; c21 cm.1 aPublicaciones del Instituto Nacional de Previsión ; v2340 aPublicaciones del Instituto Nacional de Previsión ; v234 aES-MaACLjC-12629(1)